[Event "6th Open"]
[Site "Tanta City EGY"]
[Date "2003.12.08"]
[Round "2"]
[White "Adly,A"]
[Black "Naby,S"]
[Result "1-0"]
[WhiteElo "2448"]
[BlackElo "2331"]

1.d4 Nf6 2.c4 e6 3.Nc3 d5 4.Nf3 c6 5.e3 Bd6 6.Qc2 Nbd7 7.g4 h6 8.Rg1 Qe7
9.h4 Bb4 10.Bd2 dxc4 11.Bxc4 Nd5 12.e4 N5b6 13.Bb3 a5 14.a3 Bd6 15.O-O-O e5
16.g5 a4 17.Ba2 exd4 18.g6 fxg6 19.e5 Bc5 20.Qxg6+ Kd8 21.Ne4 Rf8 22.Neg5 hxg5
23.Bxg5 Nf6 24.exf6 gxf6 25.Nxd4 Bxd4 26.Rxd4+ Bd7 27.Be3 Ra5 28.Re4 Rc5+
29.Kb1 Qd6 30.Bxc5 Qxc5 31.Rd1 Kc8 32.Be6 Bxe6 33.Rxe6 Nd5 34.Rc1 Qxf2 35.h5 f5
36.h6 Qd4 37.Rexc6+ bxc6 38.Qxc6+ Kb8 39.Qd6+  1-0

[Event "6th Open"]
[Site "Tanta City EGY"]
[Date "2003.12.08"]
[Round "2"]
[White "Abdel Razik,K"]
[Black "Vysochin,S"]
[Result "0-1"]
[WhiteElo "2380"]
[BlackElo "2584"]

1.d4 d5 2.c4 c6 3.Nc3 Nf6 4.e3 e6 5.Nf3 a6 6.c5 Nbd7 7.b4 Qc7 8.Bb2 g6 9.Qc2 Bg7
10.Be2 O-O 11.h3 e5 12.dxe5 Nxe5 13.Nxe5 Qxe5 14.Na4 Qg5 15.g4 Qh4 16.Nb6 Rb8
17.Nxc8 Rbxc8 18.Bf3 Rce8 19.Kf1 Ne4 20.Bxg7 Kxg7 21.Rd1 f5 22.Rd4 fxg4 23.Bxe4 Rxe4
24.Rxe4 dxe4 25.Qb2+ Kg8 26.Kg2 h5 27.Qe2 Rf3 28.hxg4 Qxg4+ 29.Kf1 Kh7 30.Rg1 Qf5
31.Qd2 h4 32.Qd8 Rxf2+ 33.Ke1 g5 34.Qe8 Qf7 35.Qxe4+ Kh6 36.Qe5 Rf5 37.Qd6+ Rf6
38.Qe5 Qg7 39.Qd4 Rf5 40.Qd6+ Kh5 41.Qd1+ g4 42.Qc2 Qe5 43.Kd1 h3 44.Re1 h2
45.Ke2 Qf6 46.Qe4 Rf2+ 47.Kd3 Qg6 48.Rh1 Qxe4+ 49.Kxe4 g3 50.Ke5 Kg4  0-1

[Event "21st Cairnhill Open"]
[Site "Singapore SIN"]
[Date "2003.12.09"]
[Round "4"]
[White "Koh Kum Hong"]
[Black "Ramos,Do"]
[Result "1/2-1/2"]
[WhiteElo "2244"]
[BlackElo "2331"]

1.d4 Nf6 2.c4 c6 3.Nc3 d5 4.Nf3 e6 5.e3 Nbd7 6.Bd3 dxc4 7.Bxc4 b5 8.Bd3 a6
9.e4 c5 10.e5 cxd4 11.Nxb5 Qa5+ 12.Bd2 Qb6 13.Nbxd4 Nxe5 14.Nxe5 Qxd4 15.Bc3 Qd5
16.Qa4+ Bd7 17.Nxd7 Qxd7 18.Qxd7+ Nxd7 19.Be4 Ra7 20.Bc6 Rc7 21.Ba4 Rc4 22.Bxd7+ Kxd7  1/2-1/2

[Event "22nd SEA Games Standard"]
[Site "Ho Chi Minh City VIE"]
[Date "2003.12.10"]
[Round "5"]
[White "Pham Minh Hoang"]
[Black "Wong Meng Kong"]
[Result "1-0"]
[WhiteElo "2438"]
[BlackElo "2487"]

1.d4 d5 2.c4 c6 3.Nc3 e6 4.e3 Nf6 5.Nf3 Nbd7 6.Qc2 Be7 7.g4 h6 8.Rg1 a6 9.a4 b6
10.h4 Bb4 11.Bd2 Bb7 12.g5 hxg5 13.hxg5 Bxc3 14.Bxc3 Ne4 15.Bd3 Nxc3 16.Qxc3 dxc4
17.Bxc4 Qe7 18.g6 f6 19.Qb3 c5 20.Nd2 cxd4 21.exd4 Bd5 22.O-O-O Bxc4 23.Nxc4 b5
24.axb5 axb5 25.Qxb5 Rb8 26.Qc6 Qb4 27.Rd2 Kd8 28.Rc2 Rc8 29.Qa6 Ke7 30.d5 exd5
31.Ne3 Rxc2+ 32.Nxc2 Qf4+ 33.Kb1 Qe4 34.Qa3+ Ke6 35.Qa6+ Ke5 36.f3 Qf5 37.f4+ Qxf4
38.Re1+ Kf5 39.Qd3+ Kg5 40.Rg1+ Kh6 41.Rh1+ Kg5 42.Rxh8 Ne5 43.Qe3 Qxe3 44.Nxe3 d4
45.Nd1 Kxg6 46.b4 Kf5 47.b5 Nc4 48.Rc8 Na3+ 49.Kb2 Nxb5 50.Rc5+ Ke4 51.Rxb5 g5
52.Kc2 g4 53.Nf2+ Kf4 54.Nxg4 Kxg4 55.Kd3 f5 56.Kxd4  1-0

[Event "87th Marshall CCC"]
[Site "New York USA"]
[Date "2003.12.10"]
[Round "4"]
[White "Bonin,J"]
[Black "Shabalov,A"]
[Result "1-0"]
[WhiteElo "2339"]
[BlackElo "2597"]

1.d4 Nf6 2.c4 c6 3.Nc3 d5 4.Nf3 e6 5.e3 Nbd7 6.Qc2 Bd6 7.Be2 O-O 8.O-O dxc4
9.Bxc4 b5 10.Bd3 Bb7 11.e4 e5 12.dxe5 Nxe5 13.Nxe5 Bxe5 14.h3 b4 15.Na4 Bd4
16.Be3 Bxe3 17.fxe3 Nd7 18.e5 h6 19.e6 fxe6 20.Bc4 Qe7 21.Qg6 Rf6 22.Rxf6 Nxf6
23.Rc1 Rd8 24.Nc5 Bc8 25.Nd3 Rf8 26.Nf4 Bd7 27.Qd3 Rf7 28.Ng6 Qc5 29.Qd4 Qg5
30.Ne5 Re7 31.h4 Qg3 32.Rf1 Nd5 33.Rf3 Qe1+ 34.Kh2 Be8 35.Rg3 h5 36.Qc5 Rb7
37.Qd6 Nf6 38.Bxe6+ Kh7 39.Bf5+ Kg8 40.Nd3  1-0

[Event "87th Marshall CCC"]
[Site "New York USA"]
[Date "2003.12.11"]
[Round "5"]
[White "Shapiro,D"]
[Black "Shabalov,A"]
[Result "0-1"]
[WhiteElo "2264"]
[BlackElo "2597"]

1.d4 d5 2.c4 c6 3.Nf3 Nf6 4.Nc3 e6 5.e3 Nbd7 6.Qc2 Bd6 7.b3 O-O 8.Be2 Re8
9.O-O dxc4 10.bxc4 e5 11.Rd1 Qe7 12.a4 a6 13.h3 e4 14.Nd2 Nf8 15.Qa2 Bb8
16.Ba3 Qc7 17.Nf1 Ng6 18.d5 Qe5 19.d6 Qxc3 20.Bb2 Qb4 21.Bxf6 Bxd6 22.Rab1 Qc5
23.Qd2 Bc7 24.Qd4 Qf8 25.Bg5 h6 26.Bf4 Nxf4 27.exf4 Bxf4 28.c5 Qe7 29.Bc4 Rb8
30.Re1 Bf5 31.Rb3 Bg6  0-1

[Event "II Open"]
[Site "San Salvador ESA"]
[Date "2003.12.11"]
[Round "4"]
[White "Golod,V"]
[Black "Juarez Flores,C"]
[Result "1/2-1/2"]
[WhiteElo "2544"]
[BlackElo "2392"]

1.d4 e6 2.c4 d5 3.Nf3 c6 4.e3 Nf6 5.Nc3 Be7 6.Bd3 b6 7.g4 Ba6 8.g5 Nfd7 9.cxd5 exd5
10.e4 Bxd3 11.Qxd3 dxe4 12.Qxe4 O-O 13.Be3 Bb4 14.h4 Re8 15.Qg4 Nf8 16.Ne5 Qd5
17.O-O Bxc3 18.bxc3 Nbd7 19.f4  1/2-1/2

[Event "6th Open"]
[Site "Tanta City EGY"]
[Date "2003.12.11"]
[Round "5"]
[White "Ibrahim,H"]
[Black "Hamam,R"]
[Result "1/2-1/2"]
[WhiteElo "2274"]
[BlackElo "2224"]

1.d4 Nf6 2.c4 e6 3.Nf3 d5 4.Nc3 c6 5.e3 Bd6 6.Qc2 Nbd7 7.Bd2 O-O 8.e4 dxe4
9.Nxe4 Nxe4 10.Qxe4 c5 11.Bd3 g6 12.O-O-O cxd4 13.Qxd4 Bc5 14.Qf4 e5 15.Qh6 Re8
16.Ng5 Nf6 17.Bc3 Qc7 18.Kb1 Bf8 19.Qh4 h6 20.Nh3 Bg7 21.Rhe1 Bxh3 22.Qxh3 Rad8
23.Qe3 e4 24.Be2 Rxd1+ 25.Rxd1 Qxh2 26.g3 Qh3 27.Qxa7 e3 28.fxe3 Qxg3 29.Qxb7 Qxe3
30.Bf3  1/2-1/2

[Event "II Open"]
[Site "San Salvador ESA"]
[Date "2003.12.12"]
[Round "6"]
[White "Minero Pineda,S"]
[Black "Urbina,R"]
[Result "1-0"]
[WhiteElo "2417"]
[BlackElo "2246"]

1.Nf3 Nf6 2.c4 c6 3.d4 d5 4.Nc3 e6 5.e3 Nbd7 6.Qc2 Bd6 7.g4 Bb4 8.Bd2 O-O
9.Rg1 Re8 10.g5 Bxc3 11.Bxc3 Ne4 12.Bd3 f5 13.gxf6 Ndxf6 14.O-O-O Qe7 15.Ng5 Nxg5
16.Rxg5 Rf8 17.Rdg1 Rf7 18.f3 Bd7 19.e4 dxc4 20.Bxc4 Kh8 21.f4 Re8 22.Qe2 b5
23.Bd3 h6 24.R5g3 b4 25.Bd2 c5 26.e5 Nh7 27.Bg6 Ref8 28.Qe4 Rf5 29.Bxf5 exf5
30.Qb7  1-0

[Event "22nd SEA Games Standard"]
[Site "Ho Chi Minh City VIE"]
[Date "2003.12.13"]
[Round "9"]
[White "Saeheng,B"]
[Black "Thamtavatvorn,T"]
[Result "1/2-1/2"]
[WhiteElo "2265"]
[BlackElo "2231"]

1.d4 d5 2.c4 c6 3.Nf3 Nf6 4.Nc3 e6 5.e3 Nbd7 6.Qc2 Bd6 7.Bd3 O-O 8.O-O dxc4
9.Bxc4 a6 10.a3 Qe7 11.e4 e5 12.h3 exd4 13.Nxd4 Ne5 14.Ba2 c5 15.Nde2 Nc6
16.Bg5 Be5 17.Nd5 Qd6 18.f4 Bd4+ 19.Kh1 Nxd5 20.exd5 Ne7  1/2-1/2

[Event "II Open"]
[Site "San Salvador ESA"]
[Date "2003.12.13"]
[Round "8"]
[White "Lievano,L"]
[Black "Urbina,R"]
[Result "0-1"]
[WhiteElo "2083"]
[BlackElo "2246"]

1.Nf3 d5 2.c4 c6 3.d4 Nf6 4.e3 e6 5.Nc3 Nbd7 6.Qc2 a6 7.Be2 Be7 8.O-O dxc4
9.Bxc4 b5 10.Be2 c5 11.Ne4 Nxe4 12.Qxe4 Rb8 13.Rd1 Bb7 14.Qg4 O-O 15.dxc5 Bxc5
16.b4 Ba7 17.Bb2 Nf6 18.Qh4 Qe7 19.Ne5 Rfd8 20.Bd3 h6 21.Ng4 Nd5 22.Qg3 Kf8
23.Nxh6 gxh6 24.Qg7+ Ke8 25.e4 Nf4 26.Bf6 Qf8 27.Qxf8+ Kxf8 28.Bxd8 Rxd8
29.Bc2 Bd4 30.Rd2 Ke7 31.Rad1 e5 32.g3 Ne6 33.Kf1 Bc3 34.Rxd8 Nxd8  0-1

[Event "Bundesliga 2003-4"]
[Site "Solingen GER"]
[Date "2003.12.13"]
[Round "5"]
[White "Kasimdzhanov,R"]
[Black "Marcelin,C"]
[Result "1-0"]
[WhiteElo "2668"]
[BlackElo "2473"]

1.d4 d5 2.c4 e6 3.Nc3 c6 4.e3 Nf6 5.Nf3 a6 6.b3 Bb4 7.Bd2 Nbd7 8.Bd3 O-O
9.O-O Qe7 10.h3 Rd8 11.cxd5 cxd5 12.Na4 Bd6 13.Ba5 Re8 14.Rc1 b5 15.Nb6 Rb8
16.Nxd7 Bxd7 17.Bc7 Rbc8 18.Bxd6 Qxd6 19.Qd2 Qa3 20.Ne5 g6 21.b4 Kg7 22.g4 Rxc1
23.Rxc1 Rc8 24.Rc5 Rxc5 25.dxc5 Bc8 26.g5 Nd7 27.Bf1 a5 28.Nxd7 Bxd7 29.Qd4+ Kf8
30.c6  1-0

[Event "6th Open"]
[Site "Tanta City EGY"]
[Date "2003.12.13"]
[Round "6"]
[White "Abdel Razik,K"]
[Black "Doghri,N"]
[Result "0-1"]
[WhiteElo "2380"]
[BlackElo "2313"]

1.d4 d5 2.c4 e6 3.Nc3 Nf6 4.Nf3 c6 5.e3 Nbd7 6.Qc2 Bd6 7.g4 dxc4 8.Bxc4 b5
9.Be2 Bb7 10.g5 Nd5 11.Nxd5 cxd5 12.Bd2 a6 13.a4 b4 14.a5 O-O 15.h4 Rc8 16.Qb3 Qe7
17.Ra4 Rc4 18.Rg1 Rfc8 19.Ra1 e5 20.dxe5 Nxe5 21.Nd4 g6 22.h5 Nd7 23.Qd1 Bh2
24.Rg4 Bd6 25.b3 R4c7 26.Rg1 Bc5 27.Kf1 Ne5 28.Bc1 Nc6 29.hxg6 hxg6 30.Nxc6 Rxc6
31.Bb2 d4 32.exd4 Rd6 33.Qd2 Qe4 34.Qe3 Qc2 35.dxc5 Qxb2 36.Qc1 Rd2 37.Qxb2 Rxb2
38.Rd1 Rxc5 39.Rg3 Rcc2 40.Re3 Bc6 41.Ke1 Ra2 42.Re5 Kg7 43.f3 Bb5 44.Bxb5 axb5
45.Kf1 Rf2+ 46.Kg1 Rxf3 47.Rxb5 Rxb3 48.Rf1 Rg3+ 49.Kh1 Rgg2 50.Ra1 Rxg5
51.Rxa2 Rxb5 52.a6 b3 53.Rb2 Ra5 54.Rxb3 Rxa6 55.Kg2 f5 56.Kg3 Kf6 57.Rc3 g5
58.Rb3 Kg6 59.Rf3 f4+ 60.Kg4  0-1

[Event "TCh-BEL 2003-4"]
[Site "Belgium BEL"]
[Date "2003.12.14"]
[Round "1"]
[White "Van der Stricht,G"]
[Black "Hautot,S"]
[Result "0-1"]
[WhiteElo "2468"]
[BlackElo "2310"]

1.d4 d5 2.c4 c6 3.Nc3 Nf6 4.e3 e6 5.Nf3 Nbd7 6.Qc2 Bd6 7.Bd3 dxc4 8.Bxc4 b5
9.Be2 Bb7 10.O-O O-O 11.Rd1 Qe7 12.Ng5 h6 13.Nge4 Bc7 14.Bd2 Rfc8 15.Bf3 Rab8
16.b4 Qxb4 17.Nc5 Nxc5 18.Nd5 Qc4 19.Qxc4 bxc4 20.Ne7+ Kf8 21.Nxc8 Nce4 22.Nxa7 Ra8
23.Bb4+ Ke8 24.Bxe4 Nxe4 25.f3 Nf6 26.Rdc1 Rxa7 27.Rxc4 Ra4 28.a3 Nd5 29.Kf2 Kd7
30.e4 Nxb4 31.Rxb4 Rxb4 32.axb4 Bb6 33.Ke2 Bxd4 34.Ra2 e5 35.Kd2 Kc7 36.Kc2 Bc8
37.Kd3 Be6 38.Ra8 Bg1 39.Rh8 Bxh2 40.Rh7 g6 41.Rxh6 Bf4 42.Rh8 Bg5 43.Kc3 Be7
44.Rh1 Kb6 45.Rh8 Bd6 46.Ra8 Bc7 47.Ra5 Bd6 48.Ra8 Kb7 49.Rd8 Be7 50.Rh8 Bf6
51.Rh1 Bg5 52.Rh8 Bf4 53.Rh1 Bg3 54.Rd1 Kb6 55.Rf1 Bh4 56.Kd3 Kb5 57.Kc3 Be7
58.Rb1 Bd8 59.Kd2 Bb6 60.Rc1 Bc4 61.Rb1 Bd4 62.g3 Bf2 63.g4 Bb6 64.Rb2 Ka4
65.Rb1 Bd4 66.Rh1 Kxb4 67.Rh8 Kc5 68.Rd8 Kb6 69.f4 Kc7 70.Ra8 exf4 71.Ra4 Be3+
72.Kc3 Bb5 73.Ra8 Kd7  0-1

[Event "TCh-BEL 2003-4"]
[Site "Belgium BEL"]
[Date "2003.12.14"]
[Round "1"]
[White "Hareux,H"]
[Black "Naiditsch,J"]
[Result "1-0"]
[WhiteElo "2253"]
[BlackElo "2139"]

1.d4 d5 2.c4 c6 3.Nf3 Nf6 4.Nc3 e6 5.e3 Nbd7 6.Qc2 Bd6 7.b3 O-O 8.Be2 Re8
9.O-O Qe7 10.a4 dxc4 11.bxc4 e5 12.Qb3 e4 13.Nd2 Nf8 14.Ba3 Bxa3 15.Qxa3 Bf5
16.Qxe7 Rxe7 17.a5 Rb8 18.Rfb1 N8d7 19.c5 b6 20.axb6 axb6 21.cxb6 Rxb6 22.Ra8+ Ne8
23.Rxb6 Nxb6 24.Rb8 Nd7 25.Rd8 Nf6 26.h3 g5 27.Nc4 Kg7 28.Ne5 Rc7 29.Na4 Rc8
30.Rxc8 Bxc8 31.Nc5 Nd6 32.Nxc6 Nd5 33.Bd1 Kf6 34.Bb3 Nc7 35.Bc2 Bf5 36.g4 Bg6
37.Ne5  1-0

[Event "RUS-UKR Blitz g/3"]
[Site "bereg.ru INT"]
[Date "2003.12.14"]
[Round "9"]
[White "Drozdovskij,Y"]
[Black "Potkin,V"]
[Result "0-1"]
[WhiteElo "2454"]
[BlackElo "2534"]

1.d4 d5 2.c4 e6 3.Nc3 c6 4.e3 Nf6 5.Nf3 a6 6.a4 c5 7.Bd3 Nc6 8.O-O Bd6 9.b3 O-O
10.Bb2 b6 11.Qe2 Bb7 12.Rfd1 Qe7 13.Rac1 Rfd8 14.Bb1 Rac8 15.cxd5 exd5 16.Bf5 Rc7
17.h3 Na5 18.Bc2 h6 19.Nh4 Bc8 20.Nf5 Bxf5 21.Bxf5 cxd4 22.exd4 Nxb3 23.Rb1 Qxe2
24.Nxe2 Na5 25.Bc3 Nc4 26.Bd3 Rb8 27.Bb4 Bxb4 28.Rxb4 a5 29.Rb5 Nd6 30.Rb3 g5
31.Rdb1 Rc6 32.f3 Nc4 33.Rc3 h5 34.Ng3 h4 35.Nf5 Kf8 36.f4 gxf4 37.Nxh4 Ne4
38.Rcc1 Rbc8 39.Nf3 Ncd2 40.Rxc6 Rxc6 41.Nxd2 Nxd2 42.Rb2 Ne4 43.Kf1 Rc3
44.Ke2 Ra3 45.Rxb6 Rxa4 46.Ra6 Ra2+ 47.Kf3 Ra3 48.Ke2 f5 49.h4 Ra2+ 50.Kd1 a4
51.Bc2 a3 52.h5 Ra1+ 53.Ke2 Ng3+ 54.Kd2 Nxh5 55.Kc3 Ng3 56.Kb3 Ne2 57.Ra4 a2
58.Bxf5 Rg1 59.Kxa2 Nc3+ 60.Kb3 Nxa4 61.Kxa4 Rxg2  0-1

[Event "RUS-UKR Blitz g/3"]
[Site "bereg.ru INT"]
[Date "2003.12.14"]
[Round "10"]
[White "Riazantsev,A"]
[Black "Karjakin,Sergey"]
[Result "0-1"]
[WhiteElo "2572"]
[BlackElo "2562"]

1.d4 d5 2.c4 c6 3.Nf3 Nf6 4.Nc3 e6 5.e3 Nbd7 6.Qc2 Bd6 7.b3 O-O 8.Be2 b6
9.O-O Bb7 10.Bb2 Qe7 11.Rfd1 Rad8 12.Rac1 Rfe8 13.cxd5 exd5 14.Bf1 Ne4 15.Nxe4 dxe4
16.Nd2 Nf6 17.g3 Nd5 18.Nc4 Qe6 19.Nxd6 Rxd6 20.Ba3 Rd7 21.Qe2 g6 22.Rc2 h5
23.h4 Nf6 24.Rdc1 Rd5 25.Bb4 Ng4 26.Qe1 Rf5 27.Bh3 g5 28.hxg5 Rxg5 29.Qf1 Qf5
30.Qg2 Re6 31.Be1 Rh6 32.b4 h4 33.a4 hxg3 34.fxg3 Qh7 35.Bxg4 Rxg4 36.b5 Rgg6
37.bxc6 Rxc6 38.d5 Rxc2 39.Rxc2 Qf5 40.d6 Rxd6 41.Rf2 Qg5 42.Rf4 Rd1 43.Qf2 Qa5
44.Rxf7 Qxe1+ 45.Kg2 Qxf2+ 46.Rxf2 Rd3 47.Rc2 Rxe3 48.Rc7 Bd5 49.Rxa7 Re2+
50.Kf1 Bc4 51.Kg1 e3 52.Re7 Re1+ 53.Kg2 e2 54.Re4 Rf1 55.g4 e1=Q 56.Rxe1 Rxe1
57.Kg3 Ra1  0-1

[Event "RUS-UKR Blitz g/3"]
[Site "bereg.ru INT"]
[Date "2003.12.14"]
[Round "12"]
[White "Dobrov,V"]
[Black "Karjakin,Sergey"]
[Result "0-1"]
[WhiteElo "2492"]
[BlackElo "2562"]

1.d4 d5 2.c4 c6 3.Nc3 Nf6 4.e3 e6 5.Nf3 Nbd7 6.Qc2 Bd6 7.g4 Bb4 8.Bd2 Qe7
9.Bd3 Bxc3 10.Bxc3 dxc4 11.Bxc4 b5 12.Be2 Bb7 13.b4 Nd5 14.Rb1 O-O 15.g5 f6
16.gxf6 Rxf6 17.Rg1 Nxc3 18.Qxc3 Raf8 19.Rg3 c5 20.bxc5 Bxf3 21.Bxf3 Rxf3
22.Rxf3 Rxf3 23.Rxb5 Qh4 24.Rb2 Qxh2 25.Re2 Qg1+ 26.Kd2 Rxf2 27.c6 Rxe2+
28.Kxe2 Qg2+ 29.Kd3 Qg6+ 30.Kd2 Nb6 31.a4 h5 32.c7 Nc8 33.Qc6 Qf7 34.e4 h4
35.d5 exd5 36.exd5 h3 37.d6 Qf4+ 38.Kc3 Qe5+ 39.Kc2 Qf5+ 40.Kc3 Qf6+ 41.Kc2 Nxd6
42.Qxd6 Qxd6 43.c8=Q+ Kf7 44.Qxh3 Qc5+ 45.Kb3 a5 46.Qf3+ Kg6 47.Qe4+ Qf5
48.Qg2+ Kf6 49.Qa8 g5 50.Qf8+ Ke5 51.Qc5+ Kf4 52.Qf2+ Kg4 53.Qg2+ Kh4 54.Qh1+ Qh3+
55.Qxh3+ Kxh3  0-1

[Event "Bundesliga 2003-4"]
[Site "Bremen GER"]
[Date "2003.12.14"]
[Round "6"]
[White "Schandorff,L"]
[Black "Reuss,A"]
[Result "0-1"]
[WhiteElo "2520"]
[BlackElo "2361"]

1.d4 d5 2.c4 c6 3.Nc3 Nf6 4.Nf3 e6 5.e3 Nbd7 6.Qc2 Bd6 7.g4 h6 8.Bd2 Qe7
9.h3 b6 10.cxd5 exd5 11.Bd3 Bb7 12.O-O-O O-O-O 13.e4 dxe4 14.Nxe4 Nxe4 15.Bxe4 Nf6
16.Bxc6 Bxc6 17.Qxc6+ Kb8 18.Qb5 Rc8+ 19.Bc3 Ne4 20.Rhe1 Nxc3 21.bxc3 Rxc3+
22.Kb1 Qc7 23.Rc1 Rc8 24.Rxc3 Qxc3 25.Qb3 Ba3 26.Qxc3 Rxc3 27.Nd2 Kc8 28.h4 Kd7
29.Ne4 Rc4 30.Rd1 a5 31.f3 a4 32.h5 b5 33.Ng3 Rc3 34.Nf5 b4 35.d5 Rxf3 36.d6 Rc3
37.Nxg7 b3 38.axb3 axb3 39.Nf5 b2  0-1

[Event "FSGM December"]
[Site "Budapest HUN"]
[Date "2003.12.14"]
[Round "9"]
[White "Grigore,Ge"]
[Black "Horvath,P1"]
[Result "1/2-1/2"]
[WhiteElo "2485"]
[BlackElo "2457"]

1.d4 d5 2.c4 e6 3.Nc3 c6 4.e3 Nf6 5.Nf3 Nbd7 6.Qc2 Bd6 7.b3 O-O 8.Be2 b6
9.O-O Bb7 10.Bb2 Rc8 11.Rad1 c5 12.cxd5 Nxd5 13.Nxd5 exd5 14.dxc5 bxc5 15.Bd3 h6
16.e4 d4 17.Qe2 Re8 18.b4 c4 19.Bxc4 Rxe4 20.Qd3 Rf4 21.Nxd4 Ne5 22.Ne6 Nxd3
23.Nxd8 Nxb2 24.Bxf7+ Rxf7 25.Nxf7 Bxb4 26.Rd7 Bc6 27.Rxa7 Bb5 28.Rb1 Bd3
29.Ra1 Rf8 30.Rb7 Bc3 31.Rc1 Bf6 32.Nd6 Bd4 33.Rc8 Bxf2+ 34.Kh1 Rxc8 35.Nxc8 Bd4
36.Ne7+ Kf8 37.Nc6 Bf6 38.Rb4 Nd1 39.a4 Be4 40.Nd4 Bd5 41.a5 Ne3 42.Nf3 g5
43.h3 h5 44.a6 g4 45.hxg4 hxg4 46.a7 gxf3 47.gxf3 Bxf3+ 48.Kg1 Bd5 49.Rb8+ Ke7
50.a8=Q Bxa8 51.Rxa8  1/2-1/2

[Event "II Open"]
[Site "San Salvador ESA"]
[Date "2003.12.14"]
[Round "9"]
[White "Murillo,A"]
[Black "Picado,J"]
[Result "1/2-1/2"]
[WhiteElo "2371"]
[BlackElo "2173"]

1.d4 d5 2.c4 e6 3.Nc3 c6 4.e3 Nf6 5.Nf3 Nbd7 6.Qc2 Bd6 7.cxd5 exd5 8.Bd3 a6
9.O-O O-O 10.h3 c5 11.b3 b5 12.dxc5 Nxc5 13.Bb2 b4 14.Ne2 Nfe4 15.Rfd1 Qe7
16.Bd4 Nxd3 17.Qxd3 g5 18.Bb2 Bb7 19.Rac1 Qd7 20.Be5 f5 21.Bxd6 Qxd6 22.Nfd4 f4
23.f3 Nc5 24.Qd2 Nd7 25.exf4 gxf4 26.Rc2 Ne5 27.Rdc1 Rf7 28.Kh1 Raf8 29.Ng1 Kh8
30.Re1 Rg7 31.Qd1 Rg5 32.Rce2 Kg8 33.Qd2 Bc8 34.Nc2 a5 35.Qd4 Ng6 36.Re8 Nh4
37.Rxf8+ Qxf8 38.Re2 Qf7 39.g4 h5 40.Re5 Rxe5 41.Qxe5 hxg4 42.hxg4 Ba6 43.Nd4 Bf1
44.Qg5+ Ng6 45.Nge2 Bxe2 46.Nxe2 Kg7 47.Nd4 Qf6 48.Qxd5 Qh4+ 49.Kg2 Qg3+
50.Kf1 Qh3+ 51.Ke2 Qg2+ 52.Kd3 Qf1+ 53.Kd2 Qf2+ 54.Ne2 Qe3+ 55.Kd1 Kh6 56.Qh5+ Kg7
57.g5 Qd3+ 58.Ke1 Qf5 59.Qh6+ Kf7 60.Qh7+ Kf8 61.Qh6+ Kf7 62.Qh5 Kg7 63.Kf2 Ne5
64.Kg2 Nf7 65.Qg4 Qc2  1/2-1/2

[Event "ch-IND National A"]
[Site "Calicut IND"]
[Date "2003.12.16"]
[Round "18"]
[White "Harikrishna,P"]
[Black "Sriram,J"]
[Result "1-0"]
[WhiteElo "2570"]
[BlackElo "2458"]

1.d4 d5 2.c4 c6 3.e3 Nf6 4.Nc3 e6 5.Nf3 Nbd7 6.Qc2 Bd6 7.g4 Bb4 8.Bd2 Qe7
9.Rg1 Bxc3 10.Bxc3 Ne4 11.O-O-O Nxc3 12.Qxc3 dxc4 13.Bxc4 b6 14.Bd3 Bb7 15.d5 cxd5
16.Qxg7 O-O-O 17.Kb1 Kb8 18.Ne5 Nxe5 19.Qxe5+ Qd6 20.Qxd6+ Rxd6 21.f4 h6
22.h4 f6 23.g5 hxg5 24.hxg5 fxg5 25.fxg5 e5 26.g6 Rg8 27.Rg5 d4 28.Bf5 Rg7
29.exd4 exd4 30.Bd3 Re6 31.Rf1 Be4 32.Bxe4 Rxe4 33.Rf7 Rg8 34.g7 d3 35.Rf8+ Kb7
36.Kc1 Rc4+ 37.Kd2 Rc8 38.Rxg8 Rxg8 39.Kxd3 Kc6 40.Ke4 Kd6 41.Kf5  1-0

[Event "Christmas Open"]
[Site "Zadar CRO"]
[Date "2003.12.16"]
[Round "3"]
[White "Sebenik,M"]
[Black "Delchev,A"]
[Result "1/2-1/2"]
[WhiteElo "2430"]
[BlackElo "2603"]

1.d4 Nf6 2.Nf3 d5 3.c4 e6 4.Nc3 c6 5.e3 Nbd7 6.Qc2 Bd6 7.b3 O-O 8.Be2 dxc4
9.bxc4 e5 10.O-O Re8 11.Rb1 exd4 12.exd4 Nf8 13.Rd1 h6 14.h3 Qc7 15.Be3 Ng6
16.d5 Qe7 17.dxc6 bxc6 18.Nd4 Qe5 19.Nf3 Qe7 20.Nd4 Qe5  1/2-1/2

[Event "6th Masters"]
[Site "Belfort FRA"]
[Date "2003.12.17"]
[Round "3"]
[White "Le Roux,JP"]
[Black "Hamdouchi,H"]
[Result "1-0"]
[WhiteElo "2480"]
[BlackElo "2588"]

1.d4 d5 2.c4 c6 3.Nf3 Nf6 4.Nc3 e6 5.e3 Nbd7 6.Bd3 Bd6 7.O-O O-O 8.e4 dxc4
9.Bxc4 e5 10.Bg5 b5 11.Bb3 Bb7 12.Rc1 Re8 13.d5 Nb6 14.dxc6 Bxc6 15.Qe2 b4
16.Nb5 Bxb5 17.Qxb5 h6 18.Bh4 Qe7 19.Rfd1 Rac8 20.Rc6 Red8 21.h3 Rxc6 22.Qxc6 Rd7
23.Bg3 Bb8 24.Re1 Rc7 25.Qb5 Qc5 26.Qe2 Rc8 27.Nh4 a5 28.Qd1 a4 29.Bxa4 Nxa4
30.Qxa4 Nh5 31.Kh2 Nxg3 32.fxg3 Qf2 33.Qd1 Qxb2 34.Qg4 Rc2 35.Rf1 Qxa2 36.Qd7 g5
37.Qe8+ Kg7 38.Nf5+ Kh7 39.Ne3 Rf2 40.Rxf2 Qxf2 41.Nf5  1-0

[Event "ch-IND National A"]
[Site "Calicut IND"]
[Date "2003.12.18"]
[Round "21"]
[White "Suvrajit,S"]
[Black "Singh,SV"]
[Result "1/2-1/2"]
[WhiteElo "2387"]
[BlackElo "2342"]

1.d4 d5 2.c4 e6 3.Nc3 c6 4.e3 Nf6 5.Nf3 Nbd7 6.Bd3 Bd6 7.e4 dxe4 8.Nxe4 Nxe4
9.Bxe4 e5 10.O-O O-O 11.dxe5 Nxe5 12.Nxe5 Bxe5 13.Bxh7+ Kxh7 14.Qh5+ Kg8
15.Qxe5 Re8 16.Qc3 Bf5 17.Be3 Qd3 18.Qxd3 Bxd3 19.Rfc1 b6 20.c5 b5 21.Rd1 Rad8
22.h3 a5 23.Rd2 Rd5 24.Kh2 a4 25.a3 Re4 26.Rad1 Bc4 27.g4 f6 28.Kg3 Kf7 29.Rxd5 Bxd5
30.h4 Rc4 31.Rd2 g6 32.f3 b4 33.axb4 Rxb4 34.h5 Rb3 35.hxg6+ Kxg6 36.Kf4 Rb4+
37.Bd4 Rb3 38.Be3 Rb4+ 39.Rd4 Rxb2 40.Rxa4 Rb1 41.Ra3 Rb4+ 42.Kg3 Rb3 43.Rxb3 Bxb3
44.f4 f5 45.g5 Bd5 46.Bc1 Be4 47.Kf2 Bd5 48.Ke3 Bh1 49.Kd4 Bg2 50.Ke5 Bf3  1/2-1/2

[Event "Christmas Open"]
[Site "Zadar CRO"]
[Date "2003.12.18"]
[Round "5"]
[White "Gagarin,V"]
[Black "Saric,Ib"]
[Result "1/2-1/2"]
[WhiteElo "2439"]
[BlackElo "2415"]

1.d4 Nf6 2.c4 c6 3.Nc3 d5 4.e3 e6 5.Nf3 Nbd7 6.Qc2 b6 7.Bd3 Bb7 8.b3 Be7
9.O-O Qc7 10.Bb2 Rc8 11.Rad1 O-O 12.Rfe1 Rfd8 13.Qe2 c5 14.cxd5 exd5 15.dxc5 bxc5
16.e4 c4 17.bxc4 dxc4 18.Bc2 Nf8 19.Nd4 Bb4 20.a3 Bc5 21.Nf5 Ne6 22.Nd5 Nxd5
23.exd5 Rxd5 24.Rxd5 Bxd5 25.Qh5 Nf8 26.Nxg7 Bxf2+ 27.Kxf2 Qb6+ 28.Kf1 Qxb2
29.Nf5 Ng6 30.Nh6+ Kg7 31.Nf5+ Kg8 32.Nh6+ Kg7 33.Nf5+ Kg8  1/2-1/2

[Event "Christmas Open"]
[Site "Zadar CRO"]
[Date "2003.12.18"]
[Round "5"]
[White "Loncar,R"]
[Black "Markus,R"]
[Result "0-1"]
[WhiteElo "2371"]
[BlackElo "2522"]

1.Nf3 d5 2.c4 c6 3.d4 Nf6 4.Nc3 e6 5.e3 Nbd7 6.Bd3 dxc4 7.Bxc4 b5 8.Bd3 Bd6
9.e4 e5 10.O-O O-O 11.Bg5 Re8 12.d5 cxd5 13.Nxd5 a6 14.a4 bxa4 15.Qxa4 Bb7
16.Nxf6+ Nxf6 17.Bc4 h6 18.Qb3 Qe7 19.Bxf6 gxf6 20.Bd5 Bxd5 21.Qxd5 f5 22.exf5 e4
23.Rfe1 Qd7 24.Qd2 exf3 25.Red1 Kh7 26.Ra3 Rad8 27.Rd3 Qe7 28.gxf3 Bf4 29.Qxf4 Rxd3
30.Rxd3 Qe1+ 31.Kg2 Rg8+ 32.Qg3 Qe5 33.b3 Qxf5 34.Re3 Rxg3+ 35.hxg3 Kg6 36.b4 Qd5
37.Re4 f5 38.Rf4 Kg5 39.Kg1 Qd2 40.Rh4 Qc1+ 41.Kg2 Kf6 42.Rh1 Qd2 43.Rh4 Ke6
44.g4 Qg5 45.Rh5 Qf4 46.g5 hxg5 47.Rh6+ Ke5 48.Rxa6 Qxb4 49.Kg3 Qe1 50.Kg2 Qd1
51.Rb6 Qd4 52.Rb3 Kf4 53.Ra3 Qc4 54.Ra1 Qc6 55.Rb1 Qxf3+  0-1

[Event "Christmas Open"]
[Site "Zadar CRO"]
[Date "2003.12.19"]
[Round "7"]
[White "Bilobrk,F"]
[Black "Martinovic,Sa"]
[Result "0-1"]
[WhiteElo "2350"]
[BlackElo "2165"]

1.d4 d5 2.c4 c6 3.Nc3 Nf6 4.Nf3 e6 5.e3 Nbd7 6.Qc2 Bd6 7.Bd3 dxc4 8.Bxc4 O-O
9.O-O a6 10.Rd1 b5 11.Be2 Qc7 12.e4 e5 13.g3 Re8 14.Bg5 exd4 15.Nxd4 b4 16.Nf5 Bc5
17.Bxf6 Nxf6 18.Na4 Bxf2+ 19.Kxf2 Nxe4+ 20.Kg2 Bxf5 21.Bd3 Re5 22.Re1 Rae8
23.Re3 Bh3+ 24.Kg1 Qa7 25.Re1 Ng5 26.Qc5 Qxc5  0-1

[Event "Christmas Open"]
[Site "Zadar CRO"]
[Date "2003.12.20"]
[Round "8"]
[White "Jankovic,A"]
[Black "Jakic,I"]
[Result "1-0"]
[WhiteElo "2383"]
[BlackElo "2315"]

1.d4 d5 2.c4 c6 3.Nc3 Nf6 4.e3 e6 5.Nf3 Nbd7 6.Qc2 Bd6 7.Bd3 O-O 8.O-O dxc4
9.Bxc4 a6 10.a3 b5 11.Bd3 Qc7 12.b4 Re8 13.Ne4 Nxe4 14.Bxe4 f5 15.Bd3 Nf6
16.Bd2 Bd7 17.Rfe1 Ng4 18.h3 Nh6 19.e4 Bf4 20.Bxf4 Qxf4 21.Ne5 Rad8 22.exf5 exf5
23.Nxd7 Rxe1+ 24.Rxe1 Rxd7 25.Qb3+ Rd5 26.Qc3 Qd6 27.Bc2 Kf8 28.Bb3 Rxd4
29.Re6 Rd1+ 30.Bxd1 Qxe6 31.Bf3 Nf7 32.Bxc6 Ne5 33.Qc5+ Qe7 34.Bb7 Nc4 35.Qxf5+ Qf6
36.Qc5+ Qe7 37.Bxa6 Nxa3 38.Qc3 Nc4 39.Bxb5 Nd6 40.Bf1 Ne4 41.Qd4  1-0

[Event "Open"]
[Site "Pamplona ESP"]
[Date "2003.12.24"]
[Round "5"]
[White "Pomes Marcet,J"]
[Black "Borovikov,V"]
[Result "0-1"]
[WhiteElo "2379"]
[BlackElo "2571"]

1.d4 d5 2.c4 c6 3.Nf3 Nf6 4.Nc3 e6 5.e3 Nbd7 6.Be2 Bd6 7.b3 O-O 8.Qc2 b6
9.O-O Bb7 10.Bb2 Qe7 11.Rfe1 Rad8 12.e4 Nxe4 13.Nxe4 dxe4 14.Qxe4 f5 15.Qe3 c5
16.Bd3 Rfe8 17.Bc2 Nf6 18.h3 Ne4 19.Re2 cxd4 20.Bxd4 e5 21.Bb2 Bc5 22.Qc1 Nxf2
23.Rxf2 Bxf3 24.gxf3 Qh4 25.Qe1 Bxf2+  0-1

[Event "Open"]
[Site "Pamplona ESP"]
[Date "2003.12.25"]
[Round "6"]
[White "Borovikov,V"]
[Black "Adla,D"]
[Result "1/2-1/2"]
[WhiteElo "2571"]
[BlackElo "2484"]

1.d4 d5 2.c4 e6 3.Nf3 Nf6 4.Nc3 c6 5.e3 Nbd7 6.Qc2 Bd6 7.g4 Bb4 8.Bd2 Qe7
9.Bd3 dxc4 10.Bxc4 b6 11.e4 Bb7 12.O-O-O b5 13.Bd3 a6 14.g5 Nh5 15.Ne5 Nxe5
16.dxe5 Qc5 17.Be2 g6 18.Bxh5 gxh5 19.a3 Bxc3 20.Qxc3 Qxc3+ 21.Bxc3 c5 22.f3 a5
23.Rd6 b4 24.Be1 Ra6  1/2-1/2